000 00754nam a2200253 i 4500
001 C2-0343815
003 PPAK
005 20180728144849.0
008 171127s2017 my a|||| ||||| | eng d
020 _a9789673292325
040 _aPPAK
_beng
_cPPAK
_erda
082 0 4 _a133.59251
_223
090 0 0 _a133.59251
_bTOO
_dG
100 1 _aToo, Lillian,
_eauthor
245 1 0 _aAstrology & feng shui boar 2018 in the year of the earth dog
264 1 _aKuala Lumpur :
_bKonsep Lagenda Sdn. Bhd. ,
_c2017
300 _a216 pages :
_bcolour illustrations ;
_c15 cm
336 _2rdacontent
_atext
337 _2rdamedia
_aunmediated
338 _2rdacarrier
_avolume
650 1 0 _aAstrology, Chinese. ; Horoscopes.
700 _eauthor
942 _ddc
_cB
999 _c140587
_d140587